| 000 | 00748nam a2200205 4500 | ||
|---|---|---|---|
| 001 | 112759 | ||
| 003 | ES-MaACL | ||
| 005 | 20230906185624.0 | ||
| 007 | t| | ||
| 008 | 061121s1971 sp r ||||1| spa d | ||
| 100 | 1 |
_aMurga Gener, José Luis. _984571 |
|
| 245 | 1 | 3 |
_aLa venta de las `Res Divini Iuris` en el Derecho Romano tardío / _cJosé Luis Murga Gener. |
| 260 |
_aSantigo de Compostela : _bUniversidad, _c1971. |
||
| 300 |
_a101 p. ; _c24 cm. |
||
| 490 | 1 |
_aMonografías de la Universidad de Santiago de Compostela ; _v4 |
|
| 710 | 2 |
_aUniversidad de Santiago de Compostela. _97294 |
|
| 830 | 0 |
_aMonografías de la Universidad de Santiago de Compostela ; _v4 _9181904 |
|
| 852 |
_aES-MaACL _jC-44482 _bR.77478 |
||
| 999 |
_c112759 _d112759 |
||